Pattern Recognition and Machine Learning

Sparad:
Bibliografiska uppgifter
Huvudupphov: Christopher Bishop
Materialtyp: Bok
Utgiven: Springer
Ämnen:
Taggar: Lägg till en tagg
Inga taggar, Lägg till första taggen!

MARC

LEADER 00000nam a2200000Ia 4500
005 20260427112713.0
526 |b Data Science 
100 |a Christopher Bishop 
020 |a 9781493938438 
650 |a Machine Learning 
526 |a Bachelors 
942 |c BK 
245 |a Pattern Recognition and Machine Learning 
260 |b Springer 
999 |c 88  |d 88 
952 |0 0  |1 0  |4 0  |7 0  |8 2  |a BRISTOL  |b BRISTOL  |d 2026-04-22  |l 0  |p 000047  |r 2026-04-27 11:27:14  |w 2026-04-27  |y BK